The Pain system in normal and pathological states : (Record no. 9516)
[ view plain ]
| 000 -LEADER | |
|---|---|
| fixed length control field | 00738cam a22002292 4500 |
| 001 - CONTROL NUMBER | |
| control field | 0000020813 |
| 005 - DATE AND TIME OF LATEST TRANSACTION | |
| control field | 20151217152222.0 |
| 008 - FIXED-LENGTH DATA ELEMENTS--GENERAL INFORMATION | |
| fixed length control field | 111018s xx 000 0 eng d |
| 020 ## - INTERNATIONAL STANDARD BOOK NUMBER | |
| International Standard Book Number | 0931092531 : |
| 040 ## - CATALOGING SOURCE | |
| Original cataloging agency | KABU |
| Transcribing agency | KABU |
| 245 14 - TITLE STATEMENT | |
| Title | The Pain system in normal and pathological states : |
| Remainder of title | a primer for clinicians / |
| Statement of responsibility, etc. | Luis Villanueva, Anthony H. Dickenson, Helene, Ollat (eds.) |
| 250 ## - EDITION STATEMENT | |
| Edition statement | 1st ed. |
| 260 ## - PUBLICATION, DISTRIBUTION, ETC. (IMPRINT) | |
| Place of publication, distribution, etc. | Seattle : |
| Name of publisher, distributor, etc. | IASP, |
| Date of publication, distribution, etc. | 2004. |
| 300 ## - PHYSICAL DESCRIPTION | |
| Extent | xvii, 347 p. |
| 650 #0 - SUBJECT ADDED ENTRY--TOPICAL TERM | |
| Topical term or geographic name as entry element | Pain |
| General subdivision | Congresses. |
| -- | 0000181405 |
| 700 1# - ADDED ENTRY--PERSONAL NAME | |
| Personal name | Villanueva, Luis. |
| -- | 0000181406 |
| 700 1# - ADDED ENTRY--PERSONAL NAME | |
| Personal name | Dickenson, A. H. |
| -- | 0000181407 |
| 700 1# - ADDED ENTRY--PERSONAL NAME | |
| Personal name | Ollat, H. |
| -- | 0000181408 |
| 908 ## - PUT COMMAND PARAMETER (RLIN) | |
| Put command parameter | 111018 |
| 950 ## - LOCAL HOLDINGS (RLIN) | |
| -- | 1 |
| Withdrawn status | Lost status | Source of classification or shelving scheme | Not for loan | Home library | Current library | Date acquired | Total Checkouts | Full call number | Barcode | Date last seen | Price effective from | Koha item type |
|---|---|---|---|---|---|---|---|---|---|---|---|---|
| Library of Congress Classification | Kabarak, Main Campus | Kabarak, Main Campus | 17/12/2015 | RB127 .P35 2004 c.1 | 19518 | 17/12/2015 | 17/12/2015 | General Collection |